Fundamentals of Financial Accounting
Gespeichert in:
| 1. Verfasser: | |
|---|---|
| Format: | Buch |
| Sprache: | Englisch |
| Veröffentlicht: |
Homewood
IRWIN
1993
|
| Ausgabe: | 7. ed. |
| Schlagworte: | |
| Tags: |
Keine Tags, Fügen Sie das erste Tag hinzu!
|
MARC
| LEADER | 00000nam a2200000 4500 | ||
|---|---|---|---|
| 001 | c010459 | ||
| 005 | 20221206075510.1 | ||
| 020 | |a 0-256-10317-8 | ||
| 041 | 0 | |a eng | |
| 044 | |a US | ||
| 245 | 1 | 0 | |a Fundamentals of Financial Accounting |c Daniel G. Short |
| 250 | |a 7. ed. | ||
| 264 | 1 | |a Homewood |b IRWIN |c 1993 | |
| 300 | |a 810 s. | ||
| 610 | 2 | 0 | |a účtovníctvo |
| 610 | 2 | 0 | |a proces informačný |
| 610 | 2 | 0 | |a analýza finančná |
| 610 | 2 | 0 | |a štúdie prípadové |
| 100 | 1 | |a Short, Daniel G. | |